000 00779nam a2200253Ia 4500
003 GCL
008 140319s9999 xx 000 0 ara d
040 _aGCL /
_cGCL
082 0 4 _a330.15
_bس ا
100 1 _aسعيد الخضرى
245 1 0 _aازمة التشغيل والعمالة فى الفكر الاقتصادى الراسمالى من الكلاسيك الى كينز /
_cسعيد الخضرى
260 _a[S.N] :
_bدار النهضة ،
_c1989
300 _a84 ص
490 _a
650 0 4 _aالاقتصاد
650 0 4 _aالسياسة
650 0 4 _aنظريات
650 0 4 _aالتنظيم
650 0 4 _aمدارس
650 0 4 _aالراسمالية
650 0 4 _aالموارد الاقتصادية
650 0 4 _aكينز
942 _2ddc
_cBK
999 _c30695
_d30695